الإبداع فى الفن و العلم/ (Record no. 111925)
[ view plain ]
| 000 -LEADER | |
|---|---|
| fixed length control field | 00749cam a2200217 a 4500 |
| 003 - CONTROL NUMBER IDENTIFIER | |
| control field | EG-GiCUC |
| 008 - FIXED-LENGTH DATA ELEMENTS--GENERAL INFORMATION | |
| fixed length control field | 090406s1979 ku a g 000 0 ara d |
| 040 ## - CATALOGING SOURCE | |
| Original cataloging agency | EG-GiCUC |
| Language of cataloging | ara |
| Transcribing agency | EG-GiCUC |
| 092 04 - LOCALLY ASSIGNED DEWEY CALL NUMBER (OCLC) | |
| Classification number | 153.35 |
| Item number | I733 1979 |
| Edition number | 21 |
| 099 ## - LOCAL FREE-TEXT CALL NUMBER (OCLC) | |
| Classification number | 04 |
| -- | 153.35 I733 1979 |
| 100 1# - MAIN ENTRY--PERSONAL NAME | |
| Personal name | عيسى : حسن أحمد |
| Dates associated with a name | 1935- |
| 245 12 - TITLE STATEMENT | |
| Title | الإبداع فى الفن و العلم/ |
| Statement of responsibility, etc. | حسن احمد عيسى |
| 260 ## - PUBLICATION, DISTRIBUTION, ETC. | |
| Place of publication, distribution, etc. | الكويت: |
| Name of publisher, distributor, etc. | المجلس الوطني للثقافة و الفنون و الآداب: |
| Date of publication, distribution, etc. | 1979 |
| 300 ## - PHYSICAL DESCRIPTION | |
| Extent | 320 ص: |
| Other physical details | صور؛ |
| Dimensions | 21 سم |
| 440 #0 - SERIES STATEMENT/ADDED ENTRY--TITLE | |
| Title | عالم المعرفة؛ |
| Volume/sequential designation | 24 |
| 650 #7 - SUBJECT ADDED ENTRY--TOPICAL TERM | |
| Topical term or geographic name entry element | الإبداع |
| Source of heading or term | qrmak |
| 902 ## - LOCAL DATA ELEMENT B, LDB (RLIN) | |
| No. of Items | 1 |
| 905 ## - LOCAL DATA ELEMENT E, LDE (RLIN) | |
| Cataloger | جيهان شعراوى |
| Reviser | مدخل |
| 905 ## - LOCAL DATA ELEMENT E, LDE (RLIN) | |
| Cataloger | عمر |
| Reviser | مراجع |
| 942 ## - ADDED ENTRY ELEMENTS (KOHA) | |
| Source of classification or shelving scheme | Dewey Decimal Classification |
| Koha item type | Books |
| Source of classification or shelving scheme | Not for loan | Home library | Current library | Date acquired | Full call number | Barcode | Date last seen | Copy number | Koha item type |
|---|---|---|---|---|---|---|---|---|---|
| Dewey Decimal Classification | المكتبة المركزبة الجديدة - جامعة القاهرة | قاعة الكتب - الدور الثاني | 11.02.2024 | 153.35 I733 1979 | 01000100080945000 | 23.09.2023 | C.1 | Books |